00469nam a2200145Ia 4500008004100000020001800041082001600059100002300075245003800098260004100136300001300177942000700190999001900197952010700216191014s9999 xx 000 0 und d a0-521-35662-8 a516.35bREI aMiles Reid 920433 0aUndergraduate Algebraic Geometry  aUKbCambridge University Pressc1988 aViii,131 cBK c531015d531015 00104070aSNSbSNSd2019-10-15eDonationg0.00l0o516.35REIpSNS0002792r2019-10-15w2019-10-15yBK